A Nemzetközi Büntetőbíróság felépítése és működése

Elmentve itt :
Bibliográfiai részletek
Szerző: Zsíros Liza Sára
További közreműködők: Schiffner Imola (Témavezető)
Dokumentumtípus: Szakdolgozat
Megjelent: 2015
Tárgyszavak:
Law
Online Access:http://diploma.bibl.u-szeged.hu/63887
LEADER 00745nta a2200193 i 4500
001 dipl63887
005 20220913085902.0
008 220912s2015 hu om 0|| hun d
040 |a SZTE Diploma Repozitórium  |b hun 
041 |a hun 
100 1 |a Zsíros Liza Sára 
245 1 2 |a A Nemzetközi Büntetőbíróság felépítése és működése  |h [elektronikus dokumentum] /  |c Liza Sára Zsíros 
246 1 0 |a The structure and the system of the International Criminal Court  |h [elektronikus dokumentum] 
260 |c 2015 
650 4 |a Jogi és igazgatási tanulmányok 
650 4 |a Social sciences 
650 4 |a Law 
700 1 |a Schiffner Imola  |e ths 
856 4 0 |u https://diploma.bibl.u-szeged.hu/id/eprint/63887/1/2015_zsiros_liza_sara.pdf  |z Dokumentum-elérés